00522nam a22001697a 450000500170000001000130001702000110003003500120004103700180005308200080007110000420007924500990012124600610022025000090028126000300029030000320032020151109110149.0 aPUN-7795 c130.00 aPN-6913 aunistar books a850 aਦੇਵੀੰਦਰ ਦੀਦਾਰ aਜ਼ਿੰਦਗੀ ਦੇ ਹਨੇਰੇ ਦੀਆਂ ਰੋਸ਼ਨ ਬੱਤੀਆਂ / aZindgi de hanere dian Roshan Battianbby Devinder deedar a2012 aChandigarhbUnistar Books aPg.132b22cmਸਜਿਲਦ